| 000 | 00836nam a2200253Ia 4500 | ||
|---|---|---|---|
| 003 | OSt | ||
| 005 | 20221005112854.0 | ||
| 006 | a|||||r|||| 00| 0 | ||
| 007 | ta | ||
| 008 | 221004b |||||||| |||| 00| 0 pan d | ||
| 020 |
_a8181380304 (hbk) _c150 |
||
| 024 | _a96255 | ||
| 037 |
_b211, 31/12/2008, H.K. Prakashan _cTextual |
||
| 040 |
_aCRL _cCRL _bpan |
||
| 041 |
_2pan _apan |
||
| 082 | _aNQ44wN, 153P6 | ||
| 100 | _aਦੇਵਿੰਦਰ ਸਿੰਘ | ||
| 245 | 0 | _aਰੰਗਾ ਦੀ ਕਾਇਨਾਤ | |
| 260 |
_aਦਿੱਲੀ _bਐਮ ਪੀ ਪ੍ਰਕਾਨ ਭਾਰਤ _c2006 |
||
| 300 |
_a99ਪੰ _ccm. |
||
| 650 |
_aਵਧੀਆ ਕਲਾ _9156314 |
||
| 942 |
_hNQ44wN, 153P6 _cTEXL _2cc |
||
| 999 |
_c1026268 _d1026268 |
||